MARC
|
|
|
|
| LEADER |
00000nam0a2200000 4500 |
| 001 |
233732 |
| 005 |
20231101231251.0 |
| 035 |
|
|
|a (RuTPU)RU\TPU\book\254813
|
| 035 |
|
|
|a RU\TPU\book\58391
|
| 090 |
|
|
|a 233732
|
| 100 |
|
|
|a 20030918d1967 km y0rusy50 ca
|
| 101 |
0 |
|
|a rus
|
| 102 |
|
|
|a RU
|
| 105 |
|
|
|a a z 001zy
|
| 200 |
1 |
|
|a Применение токов высокой частоты в горном деле
|f Э. И. Арш
|
| 210 |
|
|
|a Москва
|c Недра
|d 1967
|
| 215 |
|
|
|a 159 с.
|c ил.
|
| 320 |
|
|
|a Список литературы: с. 154-157.
|
| 606 |
1 |
|
|a Токи высокой частоты
|x Применение в горном деле
|2 stltpush
|3 (RuTPU)RU\TPU\subj\60878
|9 78101
|
| 610 |
1 |
|
|a контрольно-измерительные инструменты
|
| 610 |
1 |
|
|a высокочастотный контроль
|
| 610 |
1 |
|
|a горное дело
|
| 610 |
1 |
|
|a автогенераторы
|
| 610 |
1 |
|
|a полезные ископаемые
|
| 610 |
1 |
|
|a электротехника
|
| 675 |
|
|
|a 622:621.3
|v 3
|
| 700 |
|
1 |
|a Арш
|b Э. И.
|g Эммануил Израилевич
|
| 801 |
|
1 |
|a RU
|b 63413507
|c 20130311
|
| 801 |
|
2 |
|a RU
|b 63413507
|c 20130327
|g RCR
|
| 942 |
|
|
|c BK
|